| 000 | 00788nam a2200205 i 4500 | ||
|---|---|---|---|
| 001 | 70854 | ||
| 003 | ES-MaACL | ||
| 005 | 20231227062628.0 | ||
| 007 | t| | ||
| 008 | 040803s1962 sp ||||1| spa d | ||
| 100 | 1 |
_aGarrigues, Emilio. _955766 |
|
| 245 | 1 | 3 |
_aUn desliz diplomático _b: la paz hispano-turca : [... un estudio de las relaciones diplomáticas españolas de 1779 a 1799] / _cEmilio Garrigues ; con unas palabras de introducción de D. Ramón Menéndez Pidal. |
| 260 |
_aMadrid : _bRevista de Occidente, _c[1962] |
||
| 300 |
_a351 p. ; _c25 cm. |
||
| 651 | 4 |
_aEspaña- _xRelaciones- _zTurquía. _98478 |
|
| 651 | 4 |
_aTurquía- _xRelaciones- _zEspaña. _99463 |
|
| 700 | 1 |
_aMenéndez Pidal, Ramón, _d1869-1968 _980315 |
|
| 852 |
_aES-MaACL _jC-21287 |
||
| 999 |
_c70854 _d70854 |
||